[Event "MAS-ch"]
[Site "Pontian"]
[Date "2024.04.23"]
[Round "4"]
[White "Cairel Adrin, Rumi Arjuna Malique"]
[Black "Wan Abd Rahim, Wan Mohd Azmie"]
[Result "1/2-1/2"]
[WhiteElo "1699"]
[BlackElo "1844"]
[PlyCount "107"]
[EventDate "2024.04.21"]
[EventType "swiss"]
[EventRounds "9"]
[EventCountry "MAS"]
[SourceTitle "EXT 2025"]
[Source "ChessBase"]
[SourceDate "2024.10.14"]
[SourceVersion "1"]
[SourceVersionDate "2024.10.14"]
[SourceQuality "1"]

1. e4 c6 2. d4 d5 3. f3 dxe4 4. fxe4 e5 5. Nf3 Bg4 6. Bc4 Nd7 7. c3 Bd6 8. 0-0 Ngf6 9. Bg5 0-0 10. Nbd2 Qc7 11. Qe1 Bh5 12. Qh4 Bg6 13. Rae1 Rae8 14. Kh1 b5 15. Bb3 c5 16. dxe5 Nxe5 17. Bxf6 gxf6 18. Nxe5 Bxe5 19. Bd5 b4 20. cxb4 cxb4 21. Nc4 Qd8 22. Rf3 Kh8 23. Rh3 Bf4 24. Rf3 Bg5 25. Qf2 f5 26. Qd4+ Bf6 27. e5 Re7 28. Rd1 Bg7 29. Re3 Rfe8 30. Bc6 Qxd4 31. Rxd4 Rc8 32. Bf3 f4 33. Re1 Rce8 34. Rxf4 Bxe5 35. Nxe5 Rxe5 36. Rxe5 Rxe5 37. Kg1 a5 38. Rd4 Re1+ 39. Kf2 Rb1 40. Rd2 a4 41. Ke3 b3 42. axb3 axb3 43. Bd5 Bc2 44. Kd4 Rxb2 45. Kc3 Rb1 46. Bxf7 Kg7 47. Bc4 Kf6 48. Bd3 Bxd3 49. Kxd3 Ra1 50. Kc3 Ra2 51. Rd6+ Ke5 52. Rd7 Rxg2 53. Rxh7 b2 54. Rb7 1/2-1/2

[Event "Penang op-B 14th"]
[Site "Penang"]
[Date "2022.12.22"]
[Round "6"]
[White "Chong, Kean Foong"]
[Black "Cairel Adrin, Rumi Arjuna Malique"]
[Result "1-0"]
[WhiteElo "1438"]
[BlackElo "1237"]
[PlyCount "43"]
[EventDate "2022.12.19"]
[EventType "swiss"]
[EventRounds "9"]
[EventCountry "MAS"]
[SourceTitle "EXT 2024"]
[Source "ChessBase"]
[SourceDate "2023.10.10"]
[SourceVersion "1"]
[SourceVersionDate "2023.10.10"]
[SourceQuality "1"]

1. d4 c5 2. c3 e6 3. Bf4 Nf6 4. e3 Nc6 5. Bd3 d5 6. Nd2 a6 7. Bg5 h6 8. Bh4 e5 9. dxe5 Nxe5 10. Be2 Bf5 11. Ndf3 Ned7 12. Bd3 Bxd3 13. Qxd3 c4 14. Qc2 Nc5 15. 0-0-0 g5 16. Bg3 Nfe4 17. Ne1 Qa5 18. Kb1 Na4 19. Be5 f6 20. f3 Nf2 21. Qg6+ Kd8 22. Qxf6+ 1-0

[Event "World ol U16"]
[Site "Nakhchivan"]
[Date "2022.10.06"]
[Round "5.9"]
[White "Berdibaeva, Edisa"]
[Black "Cairel Adrin, Rumi Arjuna Malique"]
[Result "1-0"]
[WhiteElo "1563"]
[BlackElo "1223"]
[PlyCount "101"]
[EventDate "2022.10.02"]
[EventType "team-swiss"]
[EventRounds "9"]
[EventCountry "AZE"]
[SourceTitle "CBM 210 Extra"]
[Source "ChessBase"]
[SourceDate "2022.11.30"]
[SourceVersion "1"]
[SourceVersionDate "2022.11.30"]
[SourceQuality "1"]
[WhiteTeam "Kyrgyzstan"]
[BlackTeam "Malaysia"]
[WhiteTeamCountry "KGZ"]
[BlackTeamCountry "MAS"]

1. e4 e5 2. Nf3 Nc6 3. Bb5 a6 4. Bxc6 dxc6 5. d4 exd4 6. Qxd4 Qxd4 7. Nxd4 Bd7 8. Nc3 0-0-0 9. Be3 f6 10. 0-0-0 Ne7 11. f3 c5 12. Nde2 b6 13. Nf4 Nc6 14. Nfd5 Ne5 15. Bf4 Kb7 16. Bg3 Bd6 17. Rhe1 Rhe8 18. Ne3 Bc8 19. Rd2 g5 20. Red1 Nf7 21. Ncd5 Bxg3 22. hxg3 Re6 23. Rh1 h6 24. Nf5 Re5 25. g4 Bxf5 26. gxf5 Rd6 27. Ne3 Rxd2 28. Kxd2 c6 29. Ng4 Re8 30. Nxf6 Rd8+ 31. Ke3 Kc7 32. Ng4 Re8 33. Rh3 Rh8 34. f4 gxf4+ 35. Kxf4 Kd6 36. e5+ Ke7 37. e6 Nd6 38. Rxh6 Rf8 39. Rh7+ Ke8 40. f6 Nf7 41. exf7+ Rxf7 42. Rxf7 Kxf7 43. Kf5 Kf8 44. Kg6 Kg8 45. f7+ Kf8 46. Nf6 c4 47. Nh7+ Ke7 48. f8Q+ Ke6 49. Qe8+ Kd5 50. Kf5 Kd4 51. Qe5# 1-0